| 000 | 00751cab a2200265 4500 | ||
|---|---|---|---|
| 001 | ABS50481 | ||
| 008 | 090401t1994 xxu||||| |||| 00| 0 eng d | ||
| 035 | _a(Sirsi) u76053 | ||
| 041 | _aeng | ||
| 100 | _aGibbard, R | ||
| 245 | _aHow far should freedom go? | ||
| 260 | _c1994 | ||
| 350 | _a0 | ||
| 490 |
_aValuer (ISVA) _v63(3) April 1994, 22(1) |
||
| 520 | _aReviews proposed changes in agricultural tenancy law. | ||
| 650 | _aPROPERTY-LANDLORD AND TENANT-TENANCIES-AGRICULTURAL TENANCIES | ||
| 650 | _aCOMPENSATION | ||
| 650 | _aREFORM | ||
| 650 | _aSECURITY OF TENURE | ||
| 650 | _aSHORT-TERM LETTINGS | ||
| 690 | _aLANDLORD AND TENANT-AGRICULTURAL TENANCIES | ||
| 700 | _aRavenscroft, N. | ||
| 942 | _n0 | ||
| 948 | _c04/03/1997 | ||
| 999 |
_c47852 _d47852 |
||